000 00652nam a22002172 4500
001 0000020302
005 20151217161159.0
008 110909s xx 000 0 eng d
020 _a0198806987 :
040 _aKABU
_cKABU
245 1 4 _aThe Oxford dictionary of musical terms /
_cedited by Alison Latham.
250 _a1st ed.
260 _aOxford :
_bO. U. P,
_c2004.
300 _a205, [3] p.
650 0 _aMusic
_vDictionaries.
_@0000151926
650 0 _aMusic
_xTerminology.
_@0000180457
700 1 _aLatham, Alison.
_@0000083006
852 1 _9p1260 KES
908 _a110909
950 _@1
999 _c15229
_d15229